[Event "HCL-A042"]
[Site "www.playchess.de"]
[Date "2001.02.22"]
[Round "11"]
[White "sazex"]
[Black "minkin72"]
[WhiteElo "1688"]
[BlackElo "1900"]
[PlyCount "90"]
[Result "0-1"]

1.e4 c6 2.d4 d5 3.e5 e6 4.c3 Ne7 5.Nf3 Ng6 6.Bd3 
Be7 7.O-O O-O 8.Re1 Nd7 9.Be3 a5 10.Qd2 Re8 11.Bg5 
b6 12.Bxg6 hxg6 13.Bxe7 Qxe7 14.Na3 Ba6 15.Ng5 c5 
16.Qf4 Nf8 17.Re3 f6 18.Nf3 g5 19.Qg4 Ng6 20.Rae1 
f5 21.Qxg5 f4 22.Qxg6 fxe3 23.fxe3 Qf7 24.Qxf7+ 
Kxf7 25.e4 dxe4 26.Rxe4 Rac8 27.Kf2 Kg8 28.dxc5 
Rxc5 29.Rd4 Rf8 30.Rd6 Rxe5 31.Rxb6 Be2 32.Rd6 
Bxf3 33.gxf3 Ref5 34.Rd3 e5 35.Nc4 e4 36.Rd4 exf3 
37.Nd2 g5 38.h3 R8f6 39.Rd3 Rh6 40.Rxf3 Rxf3+ 
41.Nxf3 Rxh3 42.b4 g4 43.Ne5 a4 44.c4 Rh2+ 45.Ke3 
g3 0-1

[Event "HCL-A064"]
[Site "www.playchess.de"]
[Date "2001.02.22"]
[Round "8"]
[White "Brrrr"]
[Black "Werner"]
[WhiteElo "1796"]
[BlackElo "1858"]
[PlyCount "68"]
[Result "1/2-1/2"]

1.d4 d5 2.c4 c6 3.Nc3 {S Novym Godom, Andrey! :-)} 
 dxc4 {Spasibo! You 2! :-)}  4.a4 e5 5.dxe5 Qxd1+ 
6.Nxd1 Bb4+ 7.Bd2 Bxd2+ 8.Kxd2 Be6 9.Nf3 Nd7 
10.Kc3 Ne7 11.e4 Nc5 12.Ng5 Ng6 13.Nxe6 fxe6 
14.Bxc4 Nxe4+ 15.Kc2 Rf8 16.Bxe6 Nxf2 17.Rf1 Nxd1 
18.Raxd1 Rxf1 19.Rxf1 Ke7 20.Bb3 Nxe5 21.Kc3 a5 
22.Bc2 g6 23.Kd4 Ng4 24.Re1+ Kf6 25.Kc5 Rd8 26.Re2 
Nxh2 27.Kb6 Rd7 28.Kxa5 Ng4 29.b4 Ne5 30.b5 Nc4+ 
31.Kb4 cxb5 32.axb5 Ne5 33.Kc5 h5 34.Rf2+ 
Kg5 1/2-1/2

[Event "HCL-A064"]
[Site "www.playchess.de"]
[Date "2001.02.22"]
[Round "11"]
[White "peze3"]
[Black "Tassiac"]
[WhiteElo "2168"]
[BlackElo "1560"]
[PlyCount "51"]
[Result "1-0"]

1.e4 c6 2.d4 d5 3.Nd2 dxe4 4.Nxe4 Bf5 5.Ng3 Bg6 
6.h4 h6 7.Nf3 Nf6 8.c3 Nbd7 9.Qb3 Qb6 10.Qxb6 Nxb6 
11.Be2 e6 12.Ne5 Bh7 13.Nh5 Nbd7 14.Nxf6+ Nxf6 
15.g4 Bd6 16.g5 Ng8 17.Bf4 Be7 18.Bh5 g6 19.Bf3 f6 
20.Nxc6 fxg5 21.hxg5 Bxg5 22.Bxg5 hxg5 23.Ne5 Ne7 
24.O-O-O Rb8 25.Rh2 Rg8 26.Rxh7 1-0

[Event "HCL-B073"]
[Site "www.playchess.de"]
[Date "2001.02.22"]
[Round "30"]
[White "Willow"]
[Black "grez"]
[WhiteElo "1200"]
[BlackElo "1200"]
[PlyCount "49"]
[Result "1-0"]

1.e4 c5 2.Nf3 e6 3.d4 cxd4 4.Nxd4 Nc6 5.Nb5 a6 
6.N5c3 Nf6 7.Bg5 h6 8.Bxf6 Qxf6 9.Nd2 Bc5 10.f3 
O-O 11.Bc4 d5 12.exd5 exd5 13.Bxd5 Qe5+ 14.Qe2 
Qxe2+ 15.Nxe2 Re8 16.Ne4 Be3 17.Bxf7+ Kxf7 18.Nd6+ 
Ke7 19.Nxe8 Kxe8 20.Nc3 Nd4 21.Kd1 Bf5 22.Ne4 Kf8 
23.c3 Ne6 24.Ke2 Bg5 25.Rad1 1-0

[Event "HCL-B087"]
[Site "www.playchess.de"]
[Date "2001.02.22"]
[Round "33"]
[White "ddddale"]
[Black "Karl"]
[WhiteElo "1500"]
[BlackElo "1098"]
[PlyCount "43"]
[Result "1-0"]

1.d4 Nf6 2.Bg5 e6 3.e4 Be7 4.Bd3 Nc6 5.c3 O-O 
6.Nf3 d5 7.e5 Nd7 8.Bxe7 Qxe7 9.Qc2 f6 10.Nbd2 
fxe5 11.Bxh7+ Kh8 12.dxe5 Ndxe5 13.Nxe5 Nxe5 
14.O-O g6 15.Bxg6 Nxg6 16.Qxg6 Qh7 17.Qxh7+ Kxh7 
18.Nf3 Bd7 19.Ne5 Bb5 20.Rfe1 Rf5 21.Rad1 Raf8 
22.Rd2 1-0

[Event "HCL-B097"]
[Site "www.playchess.de"]
[Date "2001.02.22"]
[Round "1"]
[White "maska"]
[Black "csadler"]
[WhiteElo "1131"]
[BlackElo "1094"]
[PlyCount "43"]
[Result "1-0"]

1.e4 c6 2.d4 d5 3.Nc3 dxe4 4.Nxe4 Bf5 5.Ng3 Bg6 
6.Nf3 Nd7 7.Bd3 Bxd3 8.Qxd3 Ngf6 9.O-O e6 10.Re1 
Bd6 11.Nf5 Qc7 12.Nxg7+ Kf8 13.Bh6 Ke7 14.Nf5+ Ke8 
15.Ng7+ Ke7 16.h3 Ne8 17.Qc4 Rg8 18.Nxe6 fxe6 
19.Qxe6+ Kd8 20.Qxg8 Ndf6 21.Bg5 Be7 
22.Bxf6 1-0

[Event "HCL-B122"]
[Site "www.playchess.de"]
[Date "2001.02.22"]
[Round "22"]
[White "sarek"]
[Black "pird"]
[WhiteElo "916"]
[BlackElo "1486"]
[PlyCount "64"]
[Result "0-1"]

1.e4 c6 2.d4 d5 3.e5 Bf5 4.Nf3 e6 5.Be2 c5 6.Be3 
Nc6 7.c4 cxd4 8.Bxd4 Bxb1 9.Rxb1 Qa5+ 10.Bc3 Bb4 
11.Bxb4 Qxb4+ 12.Qd2 Qxd2+ 13.Kxd2 dxc4 14.Bxc4 
Nge7 15.Rbd1 Ng6 16.Bb5 O-O-O+ 17.Ke2 Ncxe5 
18.Rdc1+ Kb8 19.Ng5 Rd5 20.a4 Nf4+ 21.Kf1 Rhd8 
22.Be2 Nxe2 23.Kxe2 R5d2+ 24.Ke3 Rxb2 25.Nxh7 f6 
26.Rhd1 Rxd1 27.Rxd1 Ng4+ 28.Kf3 Ne5+ 29.Kg3 Rb3+ 
30.f3 Rd3 31.Ra1 Rd8 32.a5 Rh8 0-1

[Event "HCL-B123"]
[Site "www.playchess.de"]
[Date "2001.02.22"]
[Round "1"]
[White "JayKay"]
[Black "JAZZOW"]
[WhiteElo "1735"]
[BlackElo "1200"]
[PlyCount "65"]
[Result "1-0"]

1.d4 Nf6 2.c4 e6 3.Nf3 b6 4.g3 Bb4+ 5.Bd2 Be7 
6.Bg2 Bb7 7.O-O c6 8.Nc3 d5 9.cxd5 cxd5 10.Rc1 O-O 
11.Nb5 Nc6 12.Bf4 a6 13.Nc3 Nh5 14.Bd2 f5 15.Qc2 
g5 16.Qd3 g4 {Let´s continue, finalmente !!}  
17.Ne5 {Where you from in Austria?}  Nxe5 18.dxe5 
f4 {I´m from Vienna, and you ?}  19.Na4 {I'm live 
in Venice(Venezia)}  Rf5 20.Qd4 b5 21.Nb6 Rb8 
22.gxf4 a5 23.f3 g3 24.Bh3 Nxf4 25.Bxf4 Rxf4 {I´m 
back again. I was skying with my family (4 
children and my wife )}  26.Qxf4 {I'm married(1 
children)}  Qxb6+ 27.Kh1 g2+ 28.Kxg2 Rf8 29.Qh6 
Kf7 30.Qxh7+ Ke8 31.Qg6+ Kd7 32.Bxe6+ Qxe6 
33.Rc7+ 1-0

[Event "HCL-B127"]
[Site "www.playchess.de"]
[Date "2001.02.22"]
[Round "1"]
[White "JayKay"]
[Black "CJL"]
[WhiteElo "1587"]
[BlackElo "1502"]
[PlyCount "53"]
[Result "1-0"]

1.d4 Nf6 2.c4 e6 3.Nf3 b6 4.g3 Bb7 5.Bg2 Be7 6.Nc3 
Ne4 7.O-O d6 8.Nxe4 Bxe4 9.Qa4+ Bc6 10.Qc2 O-O 
11.h4 h6 12.d5 exd5 13.Nd4 Bb7 14.cxd5 a6 15.Be3 
Nd7 16.Rac1 {Happy new year!}  Rc8 {Good to be 
playing again.}  17.Nc6 Bxc6 18.Qxc6 Ne5 19.Qb7 a5 
20.Bh3 f5 21.Bd4 Qd7 22.Bxe5 dxe5 23.e4 g6 24.h5 
Rcb8 {Che sara, sara...}  25.Qxc7 
{hmmm...............}  Qxc7 26.Rxc7 Bd6 
27.Rc6 1-0

[Event "HCL-B136"]
[Site "www.playchess.de"]
[Date "2001.02.22"]
[Round "3"]
[White "pdqbach"]
[Black "denis3"]
[WhiteElo "1152"]
[BlackElo "1200"]
[PlyCount "27"]
[Result "1-0"]

1.e4 e5 2.Nf3 Bd6 3.Bc4 Nf6 4.d3 Kf8 5.O-O Nc6 
6.a3 Ng4 7.h3 Nf6 8.Bg5 h6 9.Bh4 g5 10.Bxg5 hxg5 
11.Nxg5 Nd5 12.Nxf7 Kxf7 13.Bxd5+ Ke8 
14.Qg4 1-0

[Event "HCL-B143"]
[Site "www.playchess.de"]
[Date "2001.02.22"]
[Round "7"]
[White "Jeff_Foster"]
[Black "fighter"]
[WhiteElo "1272"]
[BlackElo "1200"]
[PlyCount "59"]
[Result "1-0"]

1.Nf3 d5 2.g3 Nf6 3.Bg2 Nc6 4.O-O e5 5.d3 Bc5 
6.Nbd2 Ng4 7.e4 dxe4 8.Nxe4 Bb6 9.h3 Nf6 10.Bg5 
Rg8 11.Re1 Be6 12.Bh4 h6 13.Nxe5 Nxe5 14.Nxf6+ 
gxf6 15.Rxe5 Qd4 16.Re3 O-O-O 17.Rf3 Rg6 18.c3 Qc5 
19.Bxf6 Rdg8 20.d4 Qh5 21.Rf4 Qxd1+ 22.Rxd1 Bxa2 
23.Be4 Bb3 24.Bxg6 Bxd1 25.Bxf7 Rf8 26.Bg7 Rd8 
27.Bxh6 Rd6 28.Bg5 Rc6 29.h4 Rc4 
30.Be6+ 1-0

[Event "HCL-C072"]
[Site "www.playchess.de"]
[Date "2001.02.22"]
[Round "14"]
[White "urga"]
[Black "Michael_Schenk"]
[WhiteElo "1000"]
[BlackElo "1000"]
[PlyCount "102"]
[Result "0-1"]

1.e4 c5 2.Bc4 e6 3.Nf3 Nc6 4.Nc3 Nf6 5.d3 g6 6.Bg5 
Bg7 7.O-O O-O 8.e5 Nxe5 9.Nxe5 d5 10.Bb3 Qd6 
11.Re1 a6 12.Qf3 Nd7 13.Ng4 Rb8 14.Bf4 e5 15.Bg3 
h5 16.Ne3 d4 17.Nc4 Qc6 18.Qxc6 bxc6 19.Nxe5 dxc3 
20.bxc3 Nxe5 21.Bxe5 Rb7 22.d4 cxd4 23.cxd4 Re8 
24.c4 Rbe7 25.Re3 Bxe5 26.dxe5 R7xe5 27.Rf1 c5 
28.Rxe5 Rxe5 29.Rd1 Be6 30.f4 Re4 31.g3 Bxc4 
32.Bxc4 Rxc4 33.h4 Kf8 34.Re1 f5 35.Re6 Ra4 
36.Rxg6 Ke7 37.Rc6 Rxa2 38.Rxc5 Ke6 39.Kf1 a5 
40.Ke1 a4 41.Kd1 Ra3 42.Ra5 Rxg3 43.Rxa4 Rg4 
44.Ra6+ Kd5 45.Ra5+ Ke4 46.Ra4+ Ke3 47.Ra3+ Kxf4 
48.Ra4+ Kg3 49.Rxg4+ fxg4 50.Ke1 Kg2 51.Ke2 
g3 0-1

[Event "HCL-C124"]
[Site "www.playchess.de"]
[Date "2001.02.22"]
[Round "15"]
[White "Platon"]
[Black "chipc"]
[WhiteElo "998"]
[BlackElo "667"]
[PlyCount "32"]
[Result "0-1"]

1.e4 e5 2.Qh5 Nc6 3.Nf3 g6 4.Qg5 f6 5.Qh4 Nd4 
6.Na3 Bxa3 7.Nxd4 exd4 8.bxa3 d6 9.Bb2 c5 10.Bb5+ 
Bd7 11.Bxd7+ Qxd7 12.O-O-O O-O-O 13.d3 h5 14.f4 d5 
15.e5 g5 16.Qf2 Qf5 0-1

[Event "HCL-C130"]
[Site "www.playchess.de"]
[Date "2001.02.22"]
[Round "14"]
[White "Diagoras"]
[Black "Stefan"]
[WhiteElo "1289"]
[BlackElo "1463"]
[PlyCount "24"]
[Result "0-1"]

1.d4 d6 2.e4 Nf6 3.Bd3 g6 4.Nf3 Bg7 5.c4 O-O 6.O-O 
Nbd7 7.Qe2 e5 8.d5 Nc5 9.Nc3 Bg4 10.h3 Bxf3 
11.Qxf3 Re8 12.Bc2 c6 0-1

[Event "HCL-C130"]
[Site "www.playchess.de"]
[Date "2001.02.22"]
[Round "28"]
[White "logocom"]
[Black "dakini"]
[WhiteElo "1000"]
[BlackElo "1461"]
[PlyCount "24"]
[Result "0-1"]

1.e4 e5 2.Nf3 Nf6 3.d3 Nc6 4.c4 Bc5 5.h3 d6 6.Ng5 
h6 7.Nf3 Nd4 8.Nc3 Bb4 9.a3 Bxc3+ 10.bxc3 Ne6 
11.d4 Nxe4 12.Ng5 Nxc3 0-1

[Event "HCL-C133"]
[Site "www.playchess.de"]
[Date "2001.02.22"]
[Round "2"]
[White "Hanbei"]
[Black "Herremanden"]
[WhiteElo "988"]
[BlackElo "1200"]
[PlyCount "27"]
[Result "1-0"]

1.d4 d5 2.c4 dxc4 3.e4 b5 4.a4 Nc6 5.d5 Ne5 6.Bf4 
Ng6 7.Bg3 e5 8.Nf3 Qd6 9.axb5 Qb4+ 10.Qd2 Qb3 
11.Nxe5 Nxe5 12.Bxe5 Bd7 13.Be2 Qxb5 
14.O-O 1-0

[Event "HCL-C139"]
[Site "www.playchess.de"]
[Date "2001.02.22"]
[Round "1"]
[White "Coney"]
[Black "Theos666"]
[WhiteElo "984"]
[BlackElo "1103"]
[PlyCount "57"]
[Result "1-0"]

1.e4 Nf6 2.e5 Nd5 3.c4 Nb6 4.d4 d5 5.cxd5 Nxd5 
6.Bc4 b6 7.Nc3 c6 8.Nxd5 cxd5 9.Bb3 Nc6 10.Be3 g6 
11.h3 Bb7 12.Ba4 f6 13.Nf3 Bg7 14.exf6 Bxf6 15.O-O 
a6 16.Bxc6+ Bxc6 17.Re1 O-O 18.Bg5 Kg7 19.Qd2 Qd7 
20.Bh6+ Kf7 21.Bxf8 Rxf8 22.Ne5+ Bxe5 23.Rxe5 Ra8 
24.Qf4+ Kg7 25.Rae1 Re8 26.h4 Rf8 27.R5xe7+ Kg8 
28.Qh6 Qd8 29.Qg7+ 1-0

[Event "HCL-C139"]
[Site "www.playchess.de"]
[Date "2001.02.22"]
[Round "5"]
[White "perell"]
[Black "Theos666"]
[WhiteElo "1000"]
[BlackElo "1103"]
[PlyCount "59"]
[Result "1-0"]

1.d4 Nc6 2.e4 Nf6 3.e5 Nd5 4.Nf3 d6 5.exd6 exd6 
6.Be2 a6 7.O-O g6 8.Bg5 f6 9.Bd2 Bg7 10.Bc4 Be6 
11.Re1 Qe7 12.Bxd5 Bxd5 13.Rxe7+ {I am back to 
fight!}  Kxe7 {Good way to start. LOL}  14.Nc3 Be6 
15.d5 Bf5 16.dxc6 bxc6 17.Bf4 Rab8 18.b3 Kf7 
19.Qd2 Rbe8 20.Re1 g5 21.Rxe8 Rxe8 22.Be3 d5 
23.Nd4 Bd7 24.Na4 Ra8 25.Nc5 Be8 26.f4 g4 27.f5 
Bf8 28.Nde6 Rc8 29.Nxf8 Kxf8 30.Ne6+ 1-0

[Event "HCL-C140"]
[Site "www.playchess.de"]
[Date "2001.02.22"]
[Round "6"]
[White "Ivan"]
[Black "Pietros"]
[WhiteElo "1000"]
[BlackElo "1378"]
[PlyCount "52"]
[Result "0-1"]

1.c4 e5 2.e4 Nf6 3.Nc3 Bc5 4.g3 d6 5.Bg2 Nc6 
6.Nge2 Ng4 7.O-O O-O 8.Na4 Nxf2 9.Qb3 Nd4 10.Nxd4 
Bxd4 11.Rxf2 Bxf2+ 12.Kxf2 Bg4 13.h3 Qf6+ 14.Kg1 
Be6 15.Qxb7 Bxc4 16.d3 Bxd3 17.Bd2 c5 18.b3 Rab8 
19.Qxa7 Qg6 20.g4 Bxe4 21.Nc3 Bxg2 22.Kxg2 e4 
23.Qa6 e3 24.Bxe3 Qc2+ 25.Kh1 Qxc3 26.Re1 
Qxe1+ 0-1

[Event "HCL-C140"]
[Site "www.playchess.de"]
[Date "2001.02.22"]
[Round "10"]
[White "Pietros"]
[Black "ve7wln"]
[WhiteElo "1378"]
[BlackElo "1322"]
[PlyCount "35"]
[Result "1-0"]

1.e4 e6 2.d4 d5 3.e5 c5 4.Nf3 cxd4 5.Nxd4 Bb4+ 
6.c3 Ba5 7.Na3 Bd7 8.Nab5 Bc7 9.Bg5 Ne7 {Good to 
be back :)}  10.Nd6+ Kf8 11.Qf3 Bxd6 12.exd6 Qb6 
{Well done}  13.Bxe7+ Ke8 14.O-O-O Nc6 15.Nxc6 
Qxc6 16.Qg3 Rg8 17.Bd3 Rc8 {I will be bit slow the 
next few weeks}  18.Bxh7 1-0

[Event "ACL-A002"]
[Site "www.playchess.de"]
[Date "2001.02.22"]
[Round "13"]
[White "Lonesome"]
[Black "Llewellyn_Adamson"]
[WhiteElo "1500"]
[BlackElo "1500"]
[PlyCount "102"]
[Result "0-1"]

1.e4 c5 2.g3 Nc6 3.Bg2 g6 4.f4 Bg7 5.d3 d6 6.Nf3 
e5 7.c3 Nge7 8.O-O O-O 9.Be3 exf4 10.Bxf4 b6 11.a4 
d5 12.Na3 dxe4 13.dxe4 Qxd1 14.Raxd1 Be6 15.Rd6 h6 
16.h4 Rad8 17.Rfd1 Bb3 18.R6xd8 Rxd8 19.Rxd8+ Nxd8 
20.a5 Ne6 21.a6 Nxf4 22.gxf4 Kf8 23.Nd2 Be6 24.e5 
f6 25.Nb5 fxe5 26.Nxa7 exf4 27.Nb5 Nc8 28.a7 Nxa7 
29.Nxa7 Bf6 30.Be4 Kf7 31.h5 g5 32.Nb5 Be5 33.Na3 
Bd7 34.Nac4 Bc7 35.Bg6+ Ke6 36.Ne4 Ke7 37.Kf2 Be6 
38.Ncd2 g4 39.c4 Be5 40.Nc3 Bxc3 41.bxc3 Kf6 
42.Ne4+ Ke5 43.Nd2 Bd7 44.Bf7 Bc6 45.Ke2 Kf5 
46.Bd5 Ba4 47.Ne4 Bd7 48.Kf2 Ke5 49.Nd2 Be8 50.Nb3 
Bxh5 51.Nc1 Bg6 0-1

[Event "ACL-A051"]
[Site "www.playchess.de"]
[Date "2001.02.22"]
[Round "26"]
[White "BOB"]
[Black "u2krazie"]
[WhiteElo "1500"]
[BlackElo "996"]
[PlyCount "39"]
[Result "1-0"]

1.d4 Nf6 2.c4 g6 3.Nc3 Bg7 4.e4 d6 5.f3 O-O 6.Be3 
e5 7.d5 Nh5 8.g4 Nf6 9.h4 c6 10.h5 Re8 11.dxc6 
bxc6 12.Qd2 Nbd7 13.hxg6 fxg6 14.Qxd6 Bb7 15.O-O-O 
Qe7 16.Bg5 h6 17.Bxh6 Bxh6+ 18.Rxh6 Qg7 19.g5 Ref8 
20.Rd2 1-0

[Event "ACL-A055"]
[Site "www.playchess.de"]
[Date "2001.02.22"]
[Round "10"]
[White "Goldie"]
[Black "tiomario"]
[WhiteElo "1500"]
[BlackElo "1500"]
[PlyCount "21"]
[Result "1-0"]

1.e4 c5 2.h4 Qb6 3.Na3 Nf6 4.f3 d5 5.c3 dxe4 6.f4 
e6 7.Rh3 Bd6 8.d3 e5 9.fxe5 Bxe5 10.Rg3 Bxg3+ 
11.Ke2 1-0

[Event "ACL-A056"]
[Site "www.playchess.de"]
[Date "2001.02.22"]
[Round "4"]
[White "love_spuds"]
[Black "Extasis"]
[WhiteElo "1357"]
[BlackElo "1500"]
[PlyCount "23"]
[Result "1-0"]

1.e4 e6 2.d4 c6 3.Nf3 Qa5+ 4.Nc3 Nf6 5.Bd2 Qb4 
6.e5 Ng4 7.Nd5 Qxb2 8.Nc7+ Kd8 9.Nxa8 b6 10.Rb1 
Qxa2 11.Ra1 Qd5 12.c4 1-0

[Event "ACL-A062"]
[Site "www.playchess.de"]
[Date "2001.02.22"]
[Round "17"]
[White "Hermi"]
[Black "player27"]
[WhiteElo "1804"]
[BlackElo "1638"]
[PlyCount "61"]
[Result "1-0"]

1.d4 Nf6 2.c4 e6 3.Nf3 Bb4+ 4.Bd2 c5 5.Bxb4 cxb4 
6.Nbd2 O-O 7.e4 d6 8.Bd3 Qc7 9.Qc2 Nbd7 10.c5 dxc5 
11.e5 Nd5 12.Bxh7+ Kh8 13.Bd3 cxd4 14.Qxc7 Nxc7 
{hi Hermi, bereit zur Fortsetzung? Gruss andy}  
15.Rc1 {Klaro, auf geht´s!}  Nd5 {wollte hier auch 
schon aufgeben, habe nicht im Sinne der Eröffnung 
gespielt, muss ich genauer spiele}  16.Rc4 {Zum 
Aufgeben hast du aber keinen Grund. Irgendwie ist 
nicht so viel für mich rausgekommen bei der Ak}  
Rd8 {hab selber schon festgestellt, allzu frühes 
Aufgeben ist nicht gesund, brauche nochmehr 
Praxis}  17.O-O f6 {Dein Chat erscheint ein 
zweites Mal, auch eine Macke, die ich schon in 
anderen Spielen registriert h}  18.exf6 {ja, bis 
jetzt ist es nicht viel besser als vorher, aber 
man soll die Hoffnung nicht aufgeben...}  gxf6 
{heute ging es mal gut : )}  19.Rxd4 N7b6 20.Rh4+ 
Kg7 21.Ne4 Nd7 22.Rc1 b6 { (}  23.Bb5 a6 {ein paar 
Züge mach ich noch- angenehmes WE! Gruss andy}  
24.Bc4 {wünsch ich auch, das wetter sieht 
allerdings sch... aus bei uns}  Nc5 {bei uns endl. 
Sonne (nachm.) aber kalt}  25.Nxc5 bxc5 26.Bb3 Bb7 
27.Rxc5 Rac8 28.Rcc4 Rxc4 29.Rxc4 {.}  Rc8 30.Nd4 
Rxc4 31.Bxc4 1-0

[Event "ACL-A065"]
[Site "www.playchess.de"]
[Date "2001.02.22"]
[Round "13"]
[White "Machiavelli_________"]
[Black "victor"]
[WhiteElo "1500"]
[BlackElo "1500"]
[PlyCount "65"]
[Result "1-0"]

1.d4 e6 2.c4 Nf6 3.Nc3 Bb4 4.e3 O-O 5.Bd3 d5 
6.Nge2 c5 7.cxd5 Qxd5 8.O-O Bxc3 9.bxc3 cxd4 
10.cxd4 b6 11.Nc3 Qc6 12.Qb3 Bb7 13.f3 Ng4 14.Bb5 
Qc7 15.fxg4 a6 16.Be2 b5 17.Ba3 Re8 18.Rac1 Qc6 
19.Bf3 Qb6 20.Bxb7 Qxb7 21.Na4 Nd7 22.Nc5 Nxc5 
23.Bxc5 a5 24.Qd3 Red8 25.Rf2 b4 26.Rb1 Rac8 
27.Qb3 Qe4 28.h3 f5 29.gxf5 Kh8 30.Rf4 Qd5 31.Qxd5 
exd5 32.e4 dxe4 33.Rxe4 1-0

[Event "ACL-A068"]
[Site "www.playchess.de"]
[Date "2001.02.22"]
[Round "16"]
[White "liero"]
[Black "Smutje"]
[WhiteElo "1500"]
[BlackElo "1273"]
[PlyCount "59"]
[Result "0-1"]

1.e4 e6 2.d4 Nc6 3.c3 Nf6 4.e5 Ne4 5.Bd3 f5 6.exf6 
e.p 7.d5 f7+ 8.Kxf7 Qf3+ 9.Kg8 Bxe4 10.dxe4 Qxe4 
11.h5 Nf3 12.h4 Ne5 13.Qf6 Nd2 14.Qg5 Nd3 15.e5 
dxe5 16.Bf5 Qf3 17.Rd8 Nb3 18.Qg6 O-O 19.h3 g3 
20.Rxd3 Qe2 21.Be7 Rd1 22.Rd8 Rxd8+ 23.Nxd8 Nd4 
24.Bd3 Qf3 25.Bc4 b3 26.Ba6 Qd5+ 27.Kf8 Bf4 28.Qd3 
c4 29.Qc3 Rc1 30.Qb2 0-1

[Event "ACL-A073"]
[Site "www.playchess.de"]
[Date "2001.02.22"]
[Round "18"]
[White "Benjamin"]
[Black "Winkler"]
[WhiteElo "1500"]
[BlackElo "1500"]
[PlyCount "41"]
[Result "1-0"]

1.e4 e6 2.d4 d5 3.Nc3 dxe4 4.Nxe4 Nf6 5.Nxf6+ Qxf6 
6.Nf3 Bd6 7.Bg5 Qg6 8.Bd3 f5 9.O-O Bd7 10.Qd2 h6 
11.Bh4 Nc6 12.Rfe1 Be7 13.d5 exd5 14.Ne5 Nxe5 
15.Rxe5 O-O-O 16.Bxe7 Rde8 17.Rae1 c6 18.Qf4 Qg4 
19.Qxg4 fxg4 20.Bg6 Rxe7 21.R5xe7 1-0

[Event "ACL-A074"]
[Site "www.playchess.de"]
[Date "2001.02.22"]
[Round "8"]
[White "Extasis"]
[Black "AragonMat"]
[WhiteElo "1158"]
[BlackElo "1500"]
[PlyCount "22"]
[Result "0-1"]

1.Nf3 f6 2.c3 e5 3.b3 c5 4.e3 g5 5.g4 d5 6.Bb5+ 
Bd7 7.Bxd7+ Qxd7 8.h3 e4 9.Ng1 Na6 10.Na3 f5 
11.gxf5 Qxf5 0-1

[Event "CCL-E008"]
[Site "www.playchess.de"]
[Date "2001.02.22"]
[Round "7"]
[White "perucho"]
[Black "nata"]
[WhiteElo "2000"]
[BlackElo "2000"]
[PlyCount "23"]
[Result "1-0"]

1.e4 e5 2.Nf3 d5 3.exd5 Bg4 4.Nc3 Nf6 5.Be2 Nxd5 
6.Nxe5 Nxc3 7.bxc3 Be6 8.Rb1 Bd6 9.d4 b6 10.Bf3 
Bxa2 11.Ra1 Bxe5 {why have been long?}  12.Bxa8 {u 
look very bad, my dear Mr. Nata} 
 1-0

[Event "HCL-M010"]
[Site "www.playchess.de"]
[Date "2001.02.22"]
[Round "3"]
[White "Utesch"]
[Black "phGM4233"]
[WhiteElo "2433"]
[BlackElo "2200"]
[PlyCount "47"]
[Result "1-0"]

1.d4 d5 {gl}  2.c4 c6 3.Nc3 Nf6 {Slav!!!!!}  4.Nf3 
dxc4 5.a4 Bf5 6.e3 e6 7.Bxc4 Bb4 8.O-O O-O 9.Qe2 
Nbd7 10.e4 Bg4 11.h3 Bh5 12.Bf4 Qe7 13.Na2 Ba5 
14.g4 Bg6 15.b4 Bxb4 16.Nxb4 Qxb4 17.Rfb1 Qa5 
18.Bd3 c5 19.Rxb7 cxd4 20.Bd2 Qd8 21.Rc1 Nb6 22.a5 
Nbd7 23.e5 Bxd3 24.Qxd3 1-0

[Event "ACL-A079"]
[Site "www.playchess.de"]
[Date "2001.02.22"]
[Round "9"]
[White "Allesnehmer"]
[Black "chessnut"]
[WhiteElo "2180"]
[BlackElo "1500"]
[PlyCount "89"]
[Result "1/2-1/2"]

1.d4 Nf6 2.c4 g6 3.Nc3 Bg7 4.e4 d6 5.Nf3 O-O 6.Be2 
c5 7.d5 Nbd7 8.O-O b6 9.a3 Bb7 10.Bf4 a6 11.Qd2 
Ng4 12.Rfc1 Re8 13.Rab1 Qc8 14.b4 Qc7 15.Rb3 Ra7 
16.Na4 Ba8 17.h3 Ngf6 18.Bd3 e6 19.bxc5 bxc5 
20.Nc3 e5 21.Be3 Rb8 22.Rxb8+ Qxb8 23.Rb1 Rb7 
24.Bc2 Rxb1+ 25.Nxb1 Qc7 26.Qe1 Qb6 27.Bd2 Nh5 
28.g3 Nhf6 29.Ba5 Qb8 30.Qc3 Qb7 31.Nbd2 Qb8 
32.Qb3 Qf8 33.Nb1 Qe7 34.Nc3 h6 35.Na4 Ne8 36.Nd2 
Nef6 37.Kg2 Kh7 38.Nb1 Ne8 39.Nbc3 Nef6 40.Nb6 Qd8 
41.Nca4 Bb7 42.Nxd7 Qxd7 43.g4 h5 44.g5 Ng8 
45.Nb6 1/2-1/2

[Event "ACL-A080"]
[Site "www.playchess.de"]
[Date "2001.02.22"]
[Round "14"]
[White "fighter"]
[Black "Player"]
[WhiteElo "1500"]
[BlackElo "1500"]
[PlyCount "21"]
[Result "1-0"]

1.e4 c5 2.Nf3 d6 3.d4 cxd4 4.Nxd4 Nf6 5.Nc3 g6 
6.Be3 Bg7 7.Bb5+ Bd7 8.Bc4 O-O 9.Nf3 Nc6 10.Ng5 
Rc8 11.Bxf7+ 1-0

[Event "HCL-B150"]
[Site "www.playchess.de"]
[Date "2001.02.22"]
[Round "5"]
[White "victor"]
[Black "Nils"]
[WhiteElo "1200"]
[BlackElo "1707"]
[PlyCount "40"]
[Result "0-1"]

1.e4 e5 2.Nf3 Nc6 3.Bc4 Nf6 4.Ng5 d5 5.exd5 Nxd5 
6.d4 exd4 7.O-O Be6 8.Re1 Qd6 9.Qf3 Ne5 10.Qe4 
Nxc4 11.Nxe6 Qxe6 12.Qxe6+ fxe6 13.Rxe6+ Kd7 
14.Re4 Bc5 15.b3 Rhe8 16.Rxe8 Rxe8 17.Kf1 Bb4 
18.c3 Nxc3 19.Nxc3 Bxc3 20.Rb1 
Re1+ 0-1

[Event "HCL-C156"]
[Site "www.playchess.de"]
[Date "2001.02.22"]
[Round "7"]
[White "surak"]
[Black "lsoule"]
[WhiteElo "1243"]
[BlackElo "597"]
[PlyCount "68"]
[Result "0-1"]

1.e4 e5 2.Nf3 Nc6 3.Bc4 Bc5 4.O-O Nf6 5.Ng5 O-O 
6.d3 d6 7.Bb3 Nd4 8.c3 Nxb3 9.Qxb3 Ng4 10.h3 Bxf2+ 
11.Rxf2 Nxf2 12.Kxf2 Be6 13.Qd1 h6 14.Nf3 c5 
15.Na3 Qf6 16.Kg1 Qg6 17.Kh1 f5 18.Nc4 fxe4 
19.dxe4 Bxc4 20.Qe1 Bd3 21.Nd2 Rf6 22.Qe3 Bxe4 
23.Qxe4 Rf1+ 24.Kh2 Qxe4 25.Nxe4 Rd8 26.b3 b6 
27.Bb2 Rxa1 28.Bxa1 b5 29.Bb2 c4 30.Ba3 cxb3 
31.axb3 d5 32.Nd6 d4 33.cxd4 exd4 34.Bb2 
Rxd6 0-1

[Event "HCL-C156"]
[Site "www.playchess.de"]
[Date "2001.02.22"]
[Round "16"]
[White "exoticorn"]
[Black "lsoule"]
[WhiteElo "1157"]
[BlackElo "597"]
[PlyCount "76"]
[Result "0-1"]

1.e4 e5 2.Nf3 Nc6 3.Bb5 a6 4.Ba4 b5 5.Bb3 Nf6 6.d3 
Bc5 7.Be3 Bxe3 8.fxe3 O-O 9.O-O d6 10.Nc3 Bg4 
11.d4 exd4 12.exd4 Re8 13.Qd3 b4 14.Nd5 Nxe4 
15.Rae1 Bxf3 16.Rxf3 Ng5 17.Rxe8+ Qxe8 18.Rf5 Qe1+ 
19.Rf1 Qh4 20.Nxc7 Rc8 21.Nxa6 Qxd4+ 22.Qxd4 Nxd4 
23.Nxb4 Ne4 24.Bxf7+ Kh8 25.c3 Ne2+ 26.Kh1 N4g3+ 
27.hxg3 Nxg3+ 28.Kg1 Nxf1 29.Kxf1 Rf8 30.Ke2 Rxf7 
31.Nd3 h5 32.b4 Ra7 33.Nc1 g5 34.Kd3 h4 35.Kc2 g4 
36.Kb3 h3 37.gxh3 gxh3 38.Ne2 Rg7 0-1

[Event "HCL-A068"]
[Site "www.playchess.de"]
[Date "2001.02.22"]
[Round "22"]
[White "paule"]
[Black "mrchess"]
[WhiteElo "1910"]
[BlackElo "1582"]
[PlyCount "51"]
[Result "1-0"]

1.e4 e5 2.Nf3 Nf6 3.Nxe5 d6 4.Nf3 Be7 5.Nc3 O-O 
6.d4 Nc6 7.Bf4 Nh5 8.Be3 Nf6 9.Bd3 Bg4 10.a3 h6 
11.Qd2 Nh7 12.O-O-O Bxf3 13.gxf3 Ng5 14.Be2 Re8 
15.Rdg1 Kh8 16.Rg3 Rg8 17.Rhg1 Bf6 18.d5 Ne7 
19.Bxg5 Bxg5 20.Qxg5 f6 21.Qe3 g5 22.h4 Qf8 23.Rh1 
Rg6 24.hxg5 fxg5 25.Rxg5 Rxg5 26.Qxg5 1-0

[Event "HCL-A068"]
[Site "www.playchess.de"]
[Date "2001.02.22"]
[Round "26"]
[White "peze"]
[Black "mrchess"]
[WhiteElo "1939"]
[BlackElo "1582"]
[PlyCount "69"]
[Result "1-0"]

1.e4 {Hello again!}  e5 {hi there, have a nice 
game}  2.Nf3 Nf6 3.d4 exd4 4.e5 Ne4 5.Qxd4 d5 6.d6 
Nxd6 7.Nc3 Nc6 8.Qf4 Be7 9.Bd3 O-O 10.Bd2 Re8 
11.O-O-O Bf6 12.Nd5 Re6 13.Ng5 Bxg5 14.Qxg5 Ne8 
15.Qxd8 Nxd8 16.Bf5 Re5 17.Bc3 Re2 18.Ne7+ Rxe7 
19.Rxd8 Bxf5 20.Rxa8 f6 21.Re1 Rxe1+ 22.Bxe1 Kf7 
23.Rxa7 Be4 24.f3 Bd5 25.b3 Nd6 26.c4 Bc6 27.Ba5 
Nc8 28.Ra8 Nb6 29.Bxb6 cxb6 30.a4 g5 31.Rc8 g4 
32.Rxc6 bxc6 33.c5 {The game is won for white!}  
gxf3 {i know}  34.gxf3 b5 35.a5 1-0

[Event "HCL-C161"]
[Site "www.playchess.de"]
[Date "2001.02.22"]
[Round "21"]
[White "man"]
[Black "guerino"]
[WhiteElo "1000"]
[BlackElo "1067"]
[PlyCount "22"]
[Result "0-1"]

1.e4 c5 2.Nf3 d6 3.c3 Nc6 4.d4 cxd4 5.cxd4 Nf6 
6.Be2 e6 7.Bg5 Be7 8.Nc3 Bd7 9.O-O a6 10.a4 O-O 
11.e5 dxe5 0-1